Famous Overlapping Names II Quiz Stats

 Plays Quiz Updated Sep 24, 2018

Score 0/27 Timer 03:00
2 Plays Today
Person A Overlapping Name % Correct
EltonJohn
96.8%
Samuel L.Jackson
94.4%
Sarah JessicaParker
93.5%
BoyGeorge
92.3%
DanielDrew
91%
DeanMartin
89.5%
LarryDavid
88%
GeorgeMichael
86.9%
KawhiLeonard
86.1%
JohnWayne
86.1%
'Babe'Ruth
85.2%
JamesCameron
82.1%
DemaryiusThomas
73.5%
ClintEastwood
71.6%
Person A Overlapping Name % Correct
CarmeloAnthony
67.6%
PaulSimon
65.2%
MirandaOtto
62.8%
VinceNeil
60.7%
UptonSinclair
53.6%
WilmaRudolph
47.3%
CarmenMiranda
47.1%
GeorgeKarl
38.9%
AnnieLennox
34.7%
Fitz HenryLane
29.8%
CuthbertChristy
29.2%
FranciscoFranco
25.7%
PhilipRivers
14.1%

You're not logged in!

Compare scores with friends on all Sporcle quizzes.
OR
Log In

Sporcle TV

Today on Sporcle TV


Watch our educational content, quiz creation guides, and fun videos on Sporcle TV.

Show Comments

Extras

Top Quizzes Today


Score Distribution

Your Account Isn't Verified!

In order to create a playlist on Sporcle, you need to verify the email address you used during registration. Go to your Sporcle Settings to finish the process.

Report this User

Report this user for behavior that violates our Community Guidelines.

Details: